The nature of southeast Alaska : a guide to plants, animals, and habitats /

Saved in:
Bibliographic Details
Main Author: O'Clair, Rita M., 1945-
Other Authors: Armstrong, Robert H., 1936-, Carstensen, Richard, 1950-
Format: Book
Language:English
Published: Anchorage : Alaska Northwest Books, 1997.
Edition:2nd ed.
Subjects:
Tags: Add Tag
No Tags, Be the first to tag this record!
LEADER 00947nam a22002778a 4500
001 007765231-2
005 20020606104010.5
008 970224s1997 akuab b 001 0 eng
010 |a  97007949  
020 |a 0882404881 (pbk.) 
035 0 |a ocm36501337 
040 |a DLC  |c DLC 
043 |a n-us-ak 
050 0 0 |a QH105.A4  |b O35 1997 
082 0 0 |a 508.798  |2 21 
100 1 |a O'Clair, Rita M.,  |d 1945- 
245 1 4 |a The nature of southeast Alaska :  |b a guide to plants, animals, and habitats /  |c Rita M. O'Clair, Robert H. Armstrong, Richard Carstensen ; illustrations by Richard Carstensen. 
250 |a 2nd ed. 
260 |a Anchorage :  |b Alaska Northwest Books,  |c 1997. 
300 |a 254 p. :  |b ill. (some col.), maps ;  |c 21 cm. 
504 |a Includes bibliographical references and index. 
650 0 |a Natural history  |z Alaska. 
700 1 |a Armstrong, Robert H.,  |d 1936- 
700 1 |a Carstensen, Richard,  |d 1950- 
988 |a 20020608 
906 |0 DLC